[Event "Olympiad-38"]
[Site "Dresden"]
[Date "2008.11.21"]
[Round "8"]
[White "Pitirotjirathon, Jirapak"]
[Black "Sujendra, Prasad Sherstha"]
[Result "1-0"]
[WhiteElo "2293"]
[BlackElo "2068"]
[PlyCount "118"]
[EventDate "2008.11.13"]
[EventType "team-swiss"]
[EventRounds "11"]
[EventCountry "GER"]
[SourceTitle "CBM 128"]
[Source "ChessBase"]
[SourceDate "2009.01.28"]
[SourceVersion "1"]
[SourceVersionDate "2009.01.28"]
[SourceQuality "1"]
[WhiteTeam "Thailand"]
[BlackTeam "Nepal"]
[WhiteTeamCountry "THA"]
[BlackTeamCountry "NEP"]

1. d4 c5 2. d5 d6 3. e4 e5 4. c4 Nf6 5. Nc3 Be7 6. Nf3 Nbd7 7. Be2 Nf8 8. h4 h5 9. Ng5 Ng6 10. g3 Bd7 11. a3 a6 12. b4 b6 13. Rb1 cxb4 14. axb4 Qc7 15. Bd2 Ng4 16. f3 Nf6 17. Qb3 Kf8 18. Be3 Kg8 19. c5 b5 20. c6 Bc8 21. Ra1 Rb8 22. Kd2 Nh7 23. Nh3 Bd8 24. Nf2 Qe7 25. Nd3 Bb6 26. Bxb6 Rxb6 27. Qb1 f5 28. Qg1 Qc7 29. exf5 Bxf5 30. Qe3 Nf6 31. Nf2 Ne7 32. Qg5 Bc8 33. Bd1 Nfxd5 34. Nxd5 Nxd5 35. Bb3 Be6 36. Ne4 Rh6 37. Rhc1 Nxb4 38. Bxe6+ Rxe6 39. Qf5 Rf6 40. Nxf6+ gxf6 41. Qg6+ Kh8 42. Qxf6+ Kh7 43. Qf5+ Kh6 44. Qg5+ Kh7 45. Qxh5+ Kg7 46. Qg4+ Kf6 47. Qxb4 Rxc6 48. Qe4 Rxc1 49. Rxc1 Qa5+ 50. Ke2 b4 51. Rc6 Qa2+ 52. Qc2 Qd5 53. Qc4 Qxc4+ 54. Rxc4 a5 55. Rc6 b3 56. Rxd6+ Ke7 57. Rb6 a4 58. Rb4 Kd6 59. Kd3 Kc5 1-0

[Event "Olympiad-38"]
[Site "Dresden"]
[Date "2008.11.19"]
[Round "6"]
[White "Pitlagano, Tebogo"]
[Black "Sujendra, Prasad Sherstha"]
[Result "1-0"]
[WhiteElo "2155"]
[BlackElo "2068"]
[PlyCount "73"]
[EventDate "2008.11.13"]
[EventType "team-swiss"]
[EventRounds "11"]
[EventCountry "GER"]
[SourceTitle "CBM 128"]
[Source "ChessBase"]
[SourceDate "2009.01.28"]
[SourceVersion "1"]
[SourceVersionDate "2009.01.28"]
[SourceQuality "1"]
[WhiteTeam "Botswana"]
[BlackTeam "Nepal"]
[WhiteTeamCountry "BOT"]
[BlackTeamCountry "NEP"]

1. e4 c5 2. Nf3 d6 3. d4 cxd4 4. Nxd4 Nf6 5. Nc3 a6 6. Be2 e5 7. Nb3 Be7 8. a4 Be6 9. Be3 Nbd7 10. a5 0-0 11. 0-0 Rc8 12. Qd2 Qc7 13. Rfd1 Bxb3 14. cxb3 Nc5 15. Bxc5 Qxc5 16. Bc4 Rfd8 17. Qe1 Bf8 18. Na4 Qc7 19. Nb6 Rb8 20. Rac1 Qe7 21. b4 d5 22. Nxd5 Nxd5 23. Bxd5 Rd7 24. Rc4 Rbd8 25. Qc3 Kh8 26. Qb3 f5 27. f3 h6 28. b5 Qg5 29. b6 Bd6 30. Kh1 h5 31. Be6 Re7 32. Rxd6 Rxe6 33. Rxe6 fxe4 34. h3 e3 35. Re4 h4 36. R6xe5 Qh6 37. Re8+ 1-0

[Event "Olympiad-38"]
[Site "Dresden"]
[Date "2008.11.16"]
[Round "4"]
[White "Sujendra, Prasad Sherstha"]
[Black "Nezad, Husein Aziz"]
[Result "0-1"]
[WhiteElo "2068"]
[BlackElo "2401"]
[PlyCount "130"]
[EventDate "2008.11.13"]
[EventType "team-swiss"]
[EventRounds "11"]
[EventCountry "GER"]
[SourceTitle "CBM 128"]
[Source "ChessBase"]
[SourceDate "2009.01.28"]
[SourceVersion "1"]
[SourceVersionDate "2009.01.28"]
[SourceQuality "1"]
[WhiteTeam "Nepal"]
[BlackTeam "Qatar"]
[WhiteTeamCountry "NEP"]
[BlackTeamCountry "QAT"]

1. e4 c6 2. d4 d5 3. e5 Bf5 4. Bd3 Bxd3 5. Qxd3 e6 6. Ne2 c5 7. c3 Nc6 8. 0-0 Nge7 9. f4 Qb6 10. dxc5 Qxc5+ 11. Be3 Qa5 12. b4 Qa4 13. Bc5 h5 14. Nd2 b6 15. Bd6 Nf5 16. Bxf8 Kxf8 17. Nb3 g6 18. Nbd4 Ncxd4 19. Nxd4 Nxd4 20. cxd4 Qxb4 21. Rac1 Kg7 22. a3 Qe7 23. Rc6 Rhc8 24. Rfc1 Qd7 25. Qc3 Rxc6 26. Qxc6 Qxc6 27. Rxc6 Rb8 28. Kf2 a5 29. Ke2 b5 30. Kd3 b4 31. a4 b3 32. Rc1 Rb4 33. Rb1 Rxa4 34. Rxb3 Ra2 35. g3 Rxh2 36. Ke3 Ra2 37. Kf3 a4 38. Rb4 a3 39. Ra4 Ra1 40. Kg2 g5 41. Ra8 gxf4 42. gxf4 a2 43. Ra7 Kg6 44. Kh2 h4 45. Kg2 h3+ 46. Kh2 Kh5 47. Ra3 Kg4 48. Ra7 Kf3 49. f5 exf5 50. Ra6 f4 51. e6 fxe6 52. Ra8 Re1 53. Ra3+ Re3 54. Ra7 Re2+ 55. Kxh3 Ke4 56. Kg4 f3 57. Kg3 Rg2+ 58. Kh3 Kxd4 59. Ra4+ Ke5 60. Ra6 d4 61. Ra3 Kf4 62. Ra8 Rg1 63. Rxa2 Rh1+ 64. Rh2 Rxh2+ 65. Kxh2 Ke5 0-1

[Event "Mumbai Mayors Cup 1st"]
[Site "Mumbai"]
[Date "2008.05.19"]
[Round "11"]
[White "Bharat, Linggi"]
[Black "Sujendra, Prasad Sherstha"]
[Result "0-1"]
[WhiteElo "1881"]
[BlackElo "2127"]
[PlyCount "120"]
[EventDate "2008.05.11"]
[EventType "swiss"]
[EventRounds "11"]
[EventCountry "IND"]
[SourceTitle "CBM 124 Extra"]
[Source "ChessBase"]
[SourceDate "2008.07.03"]
[SourceVersion "1"]
[SourceVersionDate "2008.07.03"]
[SourceQuality "1"]

1. e4 c5 2. Nf3 d6 3. d4 cxd4 4. Nxd4 Nf6 5. Nc3 a6 6. Be2 e6 7. Be3 b5 8. f3 Be7 9. Qd2 Qc7 10. g4 Bb7 11. g5 Nfd7 12. 0-0-0 Nc6 13. h4 Rc8 14. Kb1 Nb6 15. Ncxb5 axb5 16. Nxb5 Qb8 17. Nxd6+ Bxd6 18. Qxd6 Qxd6 19. Rxd6 Nd7 20. Rhd1 Ndb8 21. c3 0-0 22. Bb6 Ne5 23. Rd8 Ba6 24. Bxa6 Nxa6 25. Rxc8 Rxc8 26. Rf1 Nc4 27. Kc2 Nxb6 28. b3 Nb4+ 29. Kd2 Nd3 30. Kc2 Nf4 31. a4 Kf8 32. a5 Na8 33. Rf2 Ke7 34. c4 Nc7 35. Rf1 Na6 36. Kc3 e5 37. Rb1 Rd8 38. b4 Rd3+ 39. Kc2 Kd6 40. b5 Nb8 41. Ra1 Kc5 42. a6 Nxa6 43. bxa6 Rd8 44. a7 Ra8 45. Ra6 Kxc4 46. Rc6+ Kd4 47. Rc7 h6 48. gxh6 gxh6 49. Kd2 f6 50. Rf7 h5 51. Rc7 Rg8 52. Rg7 Rc8 53. Rc7 Ra8 54. Kd1 Ke3 55. Rc3+ Kf2 56. Ra3 Kg3 57. Kd2 Kxh4 58. Ke3 Kg3 59. Ra1 h4 60. Rg1+ Ng2+ 0-1

[Event "Mumbai Mayors Cup 1st"]
[Site "Mumbai"]
[Date "2008.05.18"]
[Round "10"]
[White "Sujendra, Prasad Sherstha"]
[Black "Prasanna Raghuram, Rao"]
[Result "0-1"]
[WhiteElo "2127"]
[BlackElo "2230"]
[PlyCount "98"]
[EventDate "2008.05.11"]
[EventType "swiss"]
[EventRounds "11"]
[EventCountry "IND"]
[SourceTitle "CBM 124 Extra"]
[Source "ChessBase"]
[SourceDate "2008.07.03"]
[SourceVersion "1"]
[SourceVersionDate "2008.07.03"]
[SourceQuality "1"]

1. d4 Nf6 2. c4 e6 3. Nc3 Bb4 4. Qc2 d5 5. a3 Bxc3+ 6. bxc3 c5 7. Nf3 0-0 8. e3 Nbd7 9. Bd3 dxc4 10. Bxc4 b6 11. 0-0 Bb7 12. Qe2 Qc7 13. Bd3 e5 14. Nh4 Rac8 15. Bb2 Rfe8 16. Rac1 Qc6 17. f3 c4 18. Bb1 Nd5 19. Qf2 exd4 20. exd4 N7f6 21. Rce1 g6 22. Be4 Qd7 23. Qc2 Re6 24. Bc1 Rce8 25. g3 Nc7 26. Bf4 Nxe4 27. fxe4 Bxe4 28. Qd2 Bd3 29. Rxe6 Nxe6 30. Re1 Nxf4 31. Rxe8+ Qxe8 32. Qxf4 Qe1+ 33. Kg2 Qe2+ 34. Kg1 Qe1+ 35. Kg2 h5 36. Qb8+ Kh7 37. Qf4 Be4+ 38. Kh3 Bd5 39. Qf6 Qe2 40. Qf4 Be6+ 41. g4 hxg4+ 42. Kg3 Qe1+ 43. Qf2 Qxc3+ 44. Kf4 Qxa3 45. Ke5 Qe7 46. d5 Qg5+ 47. Kd6 Qxd5+ 48. Ke7 Qc5+ 49. Qxc5 bxc5 0-1

[Event "Mumbai Mayors Cup 1st"]
[Site "Mumbai"]
[Date "2008.05.17"]
[Round "9"]
[White "Sujendra, Prasad Sherstha"]
[Black "Prashant, Sakhare"]
[Result "1-0"]
[WhiteElo "2127"]
[BlackElo "1825"]
[PlyCount "135"]
[EventDate "2008.05.11"]
[EventType "swiss"]
[EventRounds "11"]
[EventCountry "IND"]
[SourceTitle "CBM 124 Extra"]
[Source "ChessBase"]
[SourceDate "2008.07.03"]
[SourceVersion "1"]
[SourceVersionDate "2008.07.03"]
[SourceQuality "1"]

1. e4 e5 2. Nf3 Nc6 3. Bb5 a6 4. Ba4 Nf6 5. 0-0 b5 6. Bb3 Be7 7. d4 d6 8. Re1 0-0 9. h3 h6 10. c3 Re8 11. Nbd2 Bf8 12. Nf1 Kh7 13. Ng3 Kg8 14. Nh4 Na5 15. Bc2 c5 16. Nhf5 Nc6 17. d5 Ne7 18. a4 Nxf5 19. exf5 Bb7 20. Be4 Nxe4 21. Nxe4 g6 22. f6 Qd7 23. b3 Qf5 24. c4 Qh5 25. Qxh5 gxh5 26. Ng3 bxc4 27. bxc4 Bc8 28. Rb1 h4 29. Ne4 Bf5 30. Rb6 Reb8 31. Rxb8 Rxb8 32. Bd2 Rb2 33. Ba5 Rc2 34. Bc7 Rxc4 35. Nxd6 Bxd6 36. Bxd6 e4 37. Be7 Rxa4 38. Bxc5 Rc4 39. Be3 Rc8 40. Ra1 Rd8 41. Ra5 Kh7 42. Kf1 Bc8 43. Bf4 Kg6 44. Ke2 Bb7 45. d6 Kxf6 46. Rh5 Bc6 47. Rxh4 a5 48. Rxh6+ Kg7 49. Rh5 a4 50. Rc5 Bd7 51. Ra5 f6 52. Ke3 Kg6 53. g4 f5 54. gxf5+ Bxf5 55. h4 Bd7 56. Kxe4 Kf7 57. Bg5 Rc8 58. Ke5 Rb8 59. h5 Re8+ 60. Kd4 Ke6 61. Bf4 Rf8 62. Ke3 Rf5 63. Ra7 Rxh5 64. Ra8 Rh3+ 65. Bg3 Rh1 66. Rg8 Kf7 67. Rg5 Kf6 68. Rc5 1-0

[Event "New Delhi Parsvnath op 6th"]
[Site "New Delhi"]
[Date "2008.01.18"]
[Round "8"]
[White "Swapnil, S Dhopade"]
[Black "Sujendra, Prasad Sherstha"]
[Result "1-0"]
[WhiteElo "2307"]
[BlackElo "2127"]
[PlyCount "79"]
[EventDate "2008.01.13"]
[EventType "swiss"]
[EventRounds "10"]
[EventCountry "IND"]
[SourceTitle "CBM 122 Extra"]
[Source "ChessBase"]
[SourceDate "2008.03.04"]
[SourceVersion "1"]
[SourceVersionDate "2008.03.04"]
[SourceQuality "1"]

1. d4 d5 2. c4 c6 3. Nc3 Nf6 4. e3 e6 5. Nf3 Bd6 6. Qc2 Nbd7 7. Bd2 Nf8 8. 0-0-0 Bd7 9. e4 dxe4 10. Ng5 Ng6 11. Ngxe4 Be7 12. g3 a6 13. h4 b5 14. h5 Nf8 15. h6 g6 16. Nxf6+ Bxf6 17. Ne4 Be7 18. Bf4 f5 19. Nd6+ Bxd6 20. Bxd6 Kf7 21. c5 Be8 22. Bg2 Rc8 23. Kb1 Nd7 24. Rhe1 Nf6 25. Rxe6 Kxe6 26. Re1+ Kd7 27. Qb3 Ne4 28. Rxe4 Qf6 29. Re7+ Qxe7 30. Bxe7 Kxe7 31. Qe3+ Kf7 32. Qe5 Bd7 33. Qg7+ Ke6 34. f4 Rhg8 35. d5+ cxd5 36. Qe5+ Kf7 37. Bxd5+ Kf8 38. Qf6+ Ke8 39. Bf7+ Kf8 40. Be6+ 1-0

[Event "New Delhi Parsvnath op 6th"]
[Site "New Delhi"]
[Date "2008.01.13"]
[Round "2"]
[White "Ashwin, Jayaram"]
[Black "Sujendra, Prasad Sherstha"]
[Result "1-0"]
[WhiteElo "2478"]
[BlackElo "2127"]
[PlyCount "129"]
[EventDate "2008.01.13"]
[EventType "swiss"]
[EventRounds "10"]
[EventCountry "IND"]
[SourceTitle "CBM 122 Extra"]
[Source "ChessBase"]
[SourceDate "2008.03.04"]
[SourceVersion "1"]
[SourceVersionDate "2008.03.04"]
[SourceQuality "1"]

1. e4 c5 2. Nf3 d6 3. d4 cxd4 4. Nxd4 a6 5. Nc3 Nf6 6. Be3 e6 7. f3 Be7 8. Qd2 Qc7 9. g4 Nc6 10. 0-0-0 Nxd4 11. Bxd4 e5 12. Be3 Be6 13. h4 b5 14. g5 Nd7 15. h5 Nb6 16. f4 b4 17. Nd5 Nxd5 18. exd5 Bg4 19. Be2 Bxe2 20. Qxe2 0-0 21. f5 Rfc8 22. Rh4 a5 23. Kb1 a4 24. Rxb4 a3 25. f6 Bd8 26. Bb6 Qd7 27. Bxd8 Qxd8 28. b3 Rc3 29. Rd3 Qc7 30. Qd2 Rxd3 31. Qxd3 Qc5 32. Rg4 Qf2 33. Qd1 Ra5 34. Rb4 gxf6 35. gxf6 Qxf6 36. Qg4+ Kf8 37. Rb8+ Ke7 38. Rb7+ Kf8 39. Rb8+ Ke7 40. Qc4 Ra7 41. Qb5 Rd7 42. Ra8 Qf2 43. Rxa3 Qe1+ 44. Kb2 Qd1 45. Qd3 Qxd3 46. cxd3 f5 47. Kc2 Kf6 48. Ra8 Kg5 49. a4 Kxh5 50. b4 Kg4 51. b5 h5 52. Rg8+ Kf3 53. b6 Ke3 54. a5 Rb7 55. Rg5 f4 56. Rxh5 f3 57. Rf5 Kd4 58. Rxf3 Kxd5 59. Rf8 Kc5 60. a6 Kxb6 61. axb7 Kxb7 62. d4 e4 63. d5 Kb6 64. Rc8 Kb5 65. Kd2 1-0